Guess My Top 100 Favorite FNaF Characters Based Off Games - Statistics

General Stats
  • This quiz has been taken 19 times
    5 since last reset
  • The average score is 16 of 100
Answer Stats
Hint Answer % Correct
FNaF 1/FNaF 2/FNaF 3/FNaF 4/FNaF World/Ultimate Custom Night/Special Delivery/Help Wanted/Curse Of Dreadbear/Secret Of The Mimic Foxy
100%
Sister Location/Ultimate Custom Night/Special Delivery/Help Wanted 2 Ballora
80%
Security Breach/Help Wanted 2 DJ Music Man
60%
FNaF 2/FNaF 3/FNaF 4/FNaF World/Ultimate Custom Night/Special Delivery/Help Wanted/Curse Of Dreadbear Mangle
60%
Security Breach/Ruin/Secret Of The Mimic Monty Gator
60%
FNaF 4/FNaF World/Ultimate Custom Night/Into The Pit/Secret Of The Mimic Fredbear
40%
Security Breach/Ruin/Help Wanted 2 Glamrock Freddy
40%
Help Wanted 2/Secret Of The Mimic Jackie
40%
Help Wanted 2 Jack-O-Moon
40%
Pizzeria Simulator/Ultimate Custom Night/Help Wanted 2 Lefty
40%
Sister Location/FNaF World/Ultimate Custom Night/Help Wanted Lolbit
40%
Security Breach/Ruin/Help Wanted 2 Moondrop
40%
Ruin/Help Wanted 2 Ruined Eclipse
40%
Security Breach/Ruin/Help Wanted 2 Sundrop
40%
FNaF 2/FNaF World/Ultimate Custom Night/Help Wanted/Curse Of Dreadbear Withered Bonnie
40%
FNaF 2/FNaF World/Help Wanted/Curse Of Dreadbear Withered Foxy
40%
Secret Of The Mimic Big Top
20%
Pizzeria Simulator/Ultimate Custom Night/Ruin/Help Wanted 2 Candy Cadet
20%
FNaF 1/FNaF 2/FNaF 3/FNaF 4/Ultimate Custom Night/Special Delivery/Help Wanted/Curse Of Dreadbear/Security Breach/Ruin/Help Wanted 2 Carl the Cupcake
20%
Sister Location/Ultimate Custom Night/Special Delivery/Help Wanted/Help Wanted 2 Circus Baby
20%
Curse Of Dreadbear Dreadbear
20%
Sister Location/Ultimate Custom Night/Help Wanted/Help Wanted 2 Ennard
20%
Fazbear Frights Fetch
20%
Sister Location/FNaF World/Ultimate Custom Night/Help Wanted/Help Wanted 2 Funtime Foxy
20%
Sister Location/Special Delivery/Help Wanted/Help Wanted 2 Funtime Freddy
20%
Security Breach/Ruin/Help Wanted 2 Glamrock Bonnie
20%
Security Breach/Ruin/Help Wanted 2 Glamrock Chica
20%
Help Wanted/Curse Of Dreadbear/Help Wanted 2 Glitchtrap
20%
FNaF 1/FNaF World/Special Delivery/Into The Pit Golden Freddy
20%
Pizzeria Simulator/Ultimate Custom Night/Help Wanted/Security Breach/Help Wanted 2 Helpy
20%
FNaF 4 Halloween Edition/FNaF World/Ultimate Custom Night/Special Delivery/Help Wanted Jack-O-Chica
20%
FNaF 1/FNaF 3/FNaF 4/Sister Location/Pizzeria Simulator Michael Afton
20%
Pizzeria Simulator/Ultimate Custom Night Molten Freddy
20%
Pizzeria Simulator/Ultimate Custom Night Music Man
20%
Ruin/Help Wanted/Help Wanted 2/Secret Of The Mimic MXES
20%
Help Wanted 2 Mystic Hippo
20%
FNaF 4/FNaF World/Ultimate Custom Night/Help Wanted Nightmare
20%
FNaF 4/FNaF World/Ultimate Custom Night/Help Wanted Nightmare Chica
20%
FNaF 4/FNaF World/Help Wanted/Curse Of Dreadbear Nightmare Cupcake
20%
FNaF 4/FNaF World/Help Wanted/Curse Of Dreadbear Nightmare Foxy
20%
FNaF 4 Halloween Edition/Ultimate Custom Night Nightmare Mangle
20%
FNaF 3/FNaF World/Help Wanted Phantom Chica
20%
Pizzeria Simulator/Ultimate Custom Night/Help Wanted 2 Pigpatch
20%
FNaF 2/FNaF 3/FNaF World/Pizzeria Simulator/Ultimate Custom Night/Help Wanted Puppet
20%
Pizzeria Simulator/Ultimate Custom Night Rockstar Bonnie
20%
Pizzeria Simulator/Ultimate Custom Night Rockstar Chica
20%
Security Breach/Ruin/Help Wanted 2/Secret Of The Mimic Roxanne Wolf
20%
FNaF 2/FNaF 3/FNaF World/Ultimate Custom Night/Special Delivery RWQFSFASXC
20%
Pizzeria Simulator/Ultimate Custom Night/Help Wanted 2 Scrap Baby
20%
FNaF 2/FNaF 3/FNaF World/Pizzeria Simulator Shadow Freddy
20%
FNaF 3/FNaF World/Ultimate Custom Night/Special Delivery/Help Wanted Springtrap
20%
Tales From The Pizzaplex/Help Wanted 2/Secret Of The Mimic Tiger Rock
20%
FNaF 2/FNaF 3/FNaF World/Ultimate Custom Night/Special Delivery/Help Wanted Toy Freddy
20%
FNaF Trilogy Twisted Wolf
20%
Sister Location/Help Wanted/Help Wanted 2 Yenndo
20%
Sister Location/Special Delivery 8-Bit Baby
0%
Secret Of The Mimic Birthday Cake
0%
Sister Location/Ultimate Custom Night/Special Delivery/Help Wanted/Help Wanted 2 Bon Bon
0%
FNaF 1/FNaF 2/FNaF 3/FNaF 4/FNaF World/Ultimate Custom Night/Special Delivery/Help Wanted/Into The Pit/Secret Of The Mimic Bonnie
0%
Secret Of The Mimic Bub
0%
Security Breach Burntrap
0%
Help Wanted/Security Breach/Help Wanted 2 Captain Foxy
0%
Secret Of The Mimic Captain Springlock
0%
Help Wanted 2 Carnie
0%
Ruin/Help Wanted 2/Interactive Novels Cassie
0%
FNaF 1/FNaF 2/FNaF 3/FNaF 4/FNaF World/Ultimate Custom Night/Special Delivery/Help Wanted/Into The Pit/Secret Of The Mimic Chica
0%
Secret Of The Mimic Digi-Typer
0%
Fazbear Frights Felix the Shark
0%
Special Delivery Flamethrower Endo
0%
FNaF 1/FNaF 2/FNaF 3/FNaF 4/FNaF World/Special Delivery/Help Wanted/Into The Pit/Secret Of The Mimic Freddy Fazbear
0%
Security Breach/Ruin/Help Wanted 2 Glamrock Endo
0%
Security Breach/Ruin/Interactive Novels Gregory
0%
Pizzeria Simulator/Ultimate Custom Night/Secret Of The Mimic Happy Frog
0%
Special Delivery Heartsick Baby
0%
Ruin Helpi
0%
Security Breach/Ruin/Help Wanted 2 Map Bot
0%
Security Breach/Ruin/Help Wanted 2 Mini Music Man
0%
FNaF 4/FNaF World/Help Wanted Nightmare Fredbear
0%
FNaF 4/FNaF World/Ultimate Custom Night/Help Wanted/Curse Of Dreadbear Nightmare Freddy
0%
FNaF 4 Halloween Edition/FNaF World/Ultimate Custom Night/Help Wanted/Security Breach Nightmarionne
0%
Secret Of The Mimic Nurse Dollie
0%
Secret Of The Mimic Party Time Chica
0%
Fazbear Frights/Into The Pit Pit Springbonnie
0%
FNaF 4/FNaF World/Ultimate Custom Night/Help Wanted Plushtrap
0%
Ruin Prototype Glamrock Freddy
0%
Pizzeria Simulator/Ultimate Custom Night Rockstar Foxy
0%
Pizzeria Simulator/Ultimate Custom Night Rockstar Freddy
0%
Pizzeria Simulator/Ultimate Custom Night Rockstar Parrot
0%
Pizzeria Simulator/Ultimate Custom Night Scraptrap
0%
Pizzeria Simulator/Ultimate Custom Night Security Puppet
0%
Secret Of The Mimic Sleepy Moon
0%
FNaF 2/FNaF 3/FNaF 4/FNaF World/Pizzeria Simulator/Help Wanted/Secret Of The Mimic Springbonnie
0%
Fazbear Frights Epilogue Stitchwraith
0%
FNaF World/Ultimate Custom Night Tangle
0%
Ruin/Help Wanted 2/Secret Of The Mimic The Mimic
0%
FNaF 2/FNaF 3/FNaF World/Ultimate Custom Night/Special Delivery/Help Wanted Toy Bonnie
0%
FNaF 2/FNaF 3/FNaF World/Ultimate Custom Night/Special Delivery/Help Wanted Toy Chica
0%
FNaF Trilogy Twisted Bonnie
0%
Special Delivery/Help Wanted/Curse Of Dreadbear/Security Breach/Ruin/Help Wanted 2 Vanny
0%
FNaF 2/FNaF World/Ultimate Custom Night/Help Wanted/Curse Of Dreadbear Withered Chica
0%
No matching quizzes found
Score Distribution
Percent of People with Each Score
Percentile by Number Answered
Your Score History
You have not taken this quiz since the last reset